| 000 -LEADER |
| fixed length control field |
00503cam a22001457a 4500 |
| 008 - FIXED-LENGTH DATA ELEMENTS--GENERAL INFORMATION |
| fixed length control field |
180718b1967 xxu||||| |||| 00| 0 eng d |
| 082 ## - DEWEY DECIMAL CLASSIFICATION NUMBER |
| Classification number |
F5x5431 K151 |
| 100 ## - MAIN ENTRY--PERSONAL NAME |
| Personal name |
Jammu and Kashmir. Commission of Inquiry |
| 245 ## - TITLE STATEMENT |
| Title |
Report of the Commission of Inquiry |
| Statement of responsibility, etc. |
by Home Department, Jammu and Kashmir |
| 260 ## - PUBLICATION, DISTRIBUTION, ETC. |
| Place of publication, distribution, etc. |
Srinagar |
| Name of publisher, distributor, etc. |
The author |
| Date of publication, distribution, etc. |
1967 |
| 300 ## - PHYSICAL DESCRIPTION |
| Extent |
720+p. |
| 500 ## - GENERAL NOTE |
| General note |
Chairman: N. Rajagopala Ayyangar |
| 700 ## - ADDED ENTRY--PERSONAL NAME |
| Personal name |
Jammu and Kashmir. Home Department |
| 700 ## - ADDED ENTRY--PERSONAL NAME |
| Personal name |
Rajagopala Ayyangar, N. (Chairman) |